| 000 | 00683nam a2200217 i 4500 | ||
|---|---|---|---|
| 001 | 54610 | ||
| 003 | ES-MaACL | ||
| 005 | 20230906163001.0 | ||
| 007 | t| | ||
| 008 | 960724s1889 sp ||||1| spa d | ||
| 040 |
_aCAM _bspa _cCAM |
||
| 100 | 1 |
_aFuente, Ricardo. _952854 |
|
| 245 | 1 | 3 |
_aLa libertad religiosa en España _b: juzgada por la opinión pública de Europa / _cpor Ricardo Fuente. |
| 260 |
_aMadrid : _b[s.n.], _c1889 ( _fImprenta de Rafael Marco) |
||
| 300 |
_a32 p. ; _c18 cm. |
||
| 490 | 1 | _aBiblioteca radical | |
| 650 | 0 | 4 |
_aLibertad religiosa- _zEspaña. _914417 |
| 830 | 0 |
_aBiblioteca radical _9188143 |
|
| 852 |
_aES-MaACL _jT-588-F-1 |
||
| 999 |
_c54610 _d54610 |
||